Statistics for Team Fortress 2 - Every Soldier Cosmetics.

Click here to take the quiz!

General Stats

  • This quiz has been taken 4 times
  • The average score is 123 of 166

Answer Stats

Answer% Correct
Party Poncho
100%
All-Father
75%
Antarctic Parka
75%
Armored Authority
75%
Attack Packs
75%
Bananades
75%
Battle Bird
75%
Battle Bob
75%
Bazaar Bauble
75%
Big Daddy
75%
Bobby Bonnet
75%
Brain Bucket
75%
Brass Bucket
75%
Brawling Buccaneer
75%
Breach and Bomb
75%
Buttler
75%
Cadaver's Capper
75%
Calamitous Cauldron
75%
Candleer
75%
Caped Crusader
75%
Captain's Cocktails
75%
Caribbean Conqueror
75%
Chaser
75%
Chieftain's Challenge
75%
Classified Coif
75%
Climbing Commander
75%
Cloud Crasher
75%
Coldfront Curbstompers
75%
Cold Snap Coat
75%
Colonial Clogs
75%
Compatriot
75%
Condor Cap
75%
Conquistador
75%
Crack Pot
75%
Crafty Hair
75%
Crit Cloak
75%
Cross-Comm Crash Helmet
75%
Cuban Bristle Crisis
75%
Dancing Doe
75%
Deadliest Duckling
75%
Defiant Spartan
75%
Detective
75%
Diplomat
75%
Doe-Boy
75%
Dumb Bell
75%
Elf Defense
75%
El Zapateador
75%
Exquisite Rack
75%
Fancy Dress Uniform
75%
Faux Manchu
75%
First American
75%
Flakcatcher
75%
Founding Father
75%
Freedom Feathers
75%
Full Metal Drill Hat
75%
Furious Fukaamigasa
75%
Gentle Manne's Service Medal
75%
Ghoul Gibbin' Gear
75%
Gift Bringer
75%
Gilded Guard
75%
Grenadier's Softcap
75%
Ground Control
75%
Grub Grenades
75%
Handy Canes
75%
Hardium Helm
75%
Hawk Warrior
75%
Head Hedge
75%
Hellhunter's Headpiece
75%
Hellmet
75%
Helmet Without a Home
75%
Hero's Hachimaki
75%
Hidden Dragon
75%
Honcho's Headgear
75%
Hornblower
75%
Idiot Box
75%
Jumper's Jeepcap
75%
Jupiter Jumpers
75%
Killer's Kabuto
75%
Killer's Kit
75%
Kringle Collection
75%
Larval Lid
75%
Lieutenant Bites
75%
Lieutenant Bites the Dust
75%
Lone Survivor
75%
Lord Cockswain's Novelty Mutton Chops and Pipe
75%
Lord Cockswain's Pith Helmet
75%
Lucky Shot
75%
Lumbricus Lid
75%
Macho Mann
75%
Man in Slacks
75%
Marshall's Mutton Chops
75%
Menpo
75%
Mistaken Movember
75%
Mutton Mann
75%
Nuke
75%
Ornament Armament
75%
Panisher
75%
Particulate Protector
75%
Patriot's Pouches
75%
Peacebreaker
75%
Pestering Jester
75%
Pin Pals
75%
Pocket Medic
75%
Poopy Doe
75%
Powdered Practitioner
75%
Private Maggot Muncher
75%
Professor's Pineapple
75%
Public Speaker
75%
Racc Mann
75%
Reader's Choice
75%
Rebel Rouser
75%
Roaming Roman
75%
Screamin' Eagle
75%
Semi-Tame Trapper's Hat
75%
Sergeant's Drill Hat
75%
Shaolin Sash
75%
Sharp Chest Pain
75%
Shellmet
75%
Shoestring Budget
75%
Shogun's Shoulder Guard
75%
Skullcap
75%
Sky High Fly Guy
75%
Slo-Poke
75%
Socked and Loaded
75%
Soldier's Slope Scopers
75%
Soldier's Sparkplug
75%
Soldier's Stash
75%
Soldier's Stogie
75%
Sophisticated Smoker
75%
Space Bracers
75%
Spellbinder's Bonnet
75%
Spook Specs
75%
Stahlhelm
75%
Stainless Pot
75%
Steel Pipes
75%
Steel Shako
75%
Stout Shako
75%
Supernatural Stalker
75%
Tank Top
75%
Team Captain
75%
Teufort Knight
75%
Teufort Tooth Kicker
75%
Thousand-Yard Stare
75%
Tin Pot
75%
Toy Soldier
75%
Trickster's Treats
75%
Tyrantium Helmet
75%
Tyrant's Helm
75%
Valley Forge
75%
Vampire Vanquisher
75%
Veteran's Attire
75%
Viking Braider
75%
War Blunder
75%
War Dog
75%
War Eagle
75%
War on Smissmas Battle Hood
75%
War on Smissmas Battle Socks
75%
War Pig
75%
Whirly Warrior
75%
Zipperface
75%
Bonedolier
50%
Chief Constable
50%
Exorcizor
50%
Hat With No Name
50%
Infernal Impaler
50%
Voodoo-Cursed Soldier Soul
50%

Score Distribution

Percentile by Number Answered

Percent of People with Each Score

Your Score History

You have not taken this quiz